Automatizovanie navrhovania objektov v prostredí Autocad
Guardado en:
| Autor principal: | |
|---|---|
| Otros Autores: | |
| Formato: | Manuscrito Libro |
| Lenguaje: | eslovaco |
| Publicado: |
Bratislava :
STU v Bratislave SvF,
2010
|
| Materias: | |
| Acceso en línea: | VAIS |
| Etiquetas: |
Sin Etiquetas, Sea el primero en etiquetar este registro!
|
MARC
| LEADER | 00000ntm a22000003a 4500 | ||
|---|---|---|---|
| 001 | stu221125 | ||
| 005 | 20160721135350.9 | ||
| 008 | 110212s2010----xo------------------slo-d | ||
| 040 | |a STU |b slo | ||
| 041 | 0 | |a slo | |
| 044 | |a xo | ||
| 100 | 1 | |a Ružičková, Bibiana, |d 1985- |4 aut |X 28794 |7 A000028794 | |
| 242 | 0 | 0 | |a Automatisation of elements designing in AutoCAD |y eng |
| 245 | 1 | |a Automatizovanie navrhovania objektov v prostredí Autocad | |
| 260 | |a Bratislava : |b STU v Bratislave SvF, |c 2010 | ||
| 650 | 7 | |a matematicko-počítačové modelovanie |2 stusub | |
| 650 | 7 | |a Mathematical and Computational Modeling |2 estusub | |
| 650 | 7 | |a program |2 stusub | |
| 650 | 7 | |a schodisko |2 stusub | |
| 650 | 7 | |a automatizácia |2 stusub | |
| 700 | 1 | |a Šipošová, Alexandra, |d 1981- |4 ths |u V220 |U SvF Stavebná fakulta |T SvF Katedra matematiky a deskriptívnej geometrie |X 10043 |U V220 |Y 23 |7 A000010043 | |
| 856 | 4 | |a info a plný text |u http://is.stuba.sk/zp/portal_zp.pl?podrobnosti=52809 |3 VAIS | |